Central Library OPAC University of Rajshahi
Normal view MARC view

Entry Topical Term

Number of records used in: 2

001 - CONTROL NUMBER

  • control field: 16915

003 - CONTROL NUMBER IDENTIFIER

  • control field: BD-RjUL

005 - DATE AND TIME OF LATEST TRANSACTION

  • control field: 20250916110527.0

008 - FIXED-LENGTH DATA ELEMENTS

  • fixed length control field: 250916|| aca||aabn | a|a d

040 ## - CATALOGING SOURCE

  • Original cataloging agency: BD-RjUL
  • Transcribing agency: BD-RjUL

150 ## - HEADING--TOPICAL TERM

  • Topical term or geographic name entry element: Islamic system
  • Form subdivision: education

670 ## - SOURCE DATA FOUND

  • Source citation: Work cat.: (BD-RjUL)85722: Rafiq, Saeed Ahmed ;; رفیق، سعید احمد 16914, اسلامی نظام تعلیم ;; islami nazaam taalim /, 195?